000
00321nam a2200133Ia 4500
003
OSt
005
20230727055619.0
008
170524s9999 xx 000 0 und d
040
_c
IIMT UNIVERSITY
100
_a
HERSEY- P
245
0
_a
MANAGEMENT OF ORGANIZATION BEHAVIOUR
260
_b
HIMALYA PUB. HOUSE
942
_2
ddc
_c
02
999
_c
8050
_d
8050